| 000 | 00976nas a2200313 4500 | ||
|---|---|---|---|
| 001 | BR2019000633 | ||
| 003 | BR-BrBNA | ||
| 005 | 20231205131625.0 | ||
| 007 | ta | ||
| 008 | 230509b bl.|||p| |||| 00| 00por d | ||
| 040 |
_aBR-BrBNA _bpor _cBiblioteca Nacional de Agricultura |
||
| 041 | _a(Pt) | ||
| 072 | _aH20 | ||
| 100 | 1 | _aMichereff, S.J. | |
| 100 | 1 | _aPedrosa, R.A. | |
| 100 | 1 | _aNoronha, M. de A. | |
| 100 | 1 | _aMartins, R.B. | |
| 100 | 1 | _aSilva, F.V. | |
| 245 | 1 | _aEscala diagramática e tamanho de amostras para avaliação da severidade da mancha parda da mandioca (Cercosporidium henningsii) | |
| 650 | _aMANDIOCA | ||
| 650 | _aDOENÇA DE PLANTA | ||
| 650 | _aMANCHA PARDA | ||
| 650 | _aÁREA FOLIAR | ||
| 650 | _aAMOSTRAGEM | ||
| 773 | 0 |
_tAgrotrópica (Brazil) _xISSN 0103-3816 _g(Sep-Dec 1998), v. 10(3) p. 143-148 _wBR2019000633 |
|
| 856 | 4 | 0 | _dLink DSPACE/MAPA BR2019000633 |
| 909 |
_a202311 _bLúcia _c55 _dLúcia Elande |
||
| 942 |
_2AGRIS _n0 _cANA |
||
| 999 |
_c255779 _d255779 |
||